Out of print : (Record no. 80400)

MARC details
000 -LEADER
campo de control de longitud fija 02608cam a2200457 i 4500
003 - IDENTIFICADOR DE NÚMERO DE CONTROL
campo de control BJBSDDR
005 - FECHA Y HORA DE LA ÚLTIMA TRANSACCIÓN
campo de control 20230410130804.0
007 - CAMPO FIJO DE DESCRIPCIÓN FÍSICA--INFORMACIÓN GENERAL
campo de control de longitud fija ta
008 - DATOS DE LONGITUD FIJA--INFORMACIÓN GENERAL
campo de control de longitud fija 130529s2013 enka b 001 0 eng
020 ## - NÚMERO INTERNACIONAL ESTÁNDAR DEL LIBRO
Número Internacional Estándar del Libro 9780749466510 (pbk.)
020 ## - NÚMERO INTERNACIONAL ESTÁNDAR DEL LIBRO
Número Internacional Estándar del Libro 0749466510 (pbk.)
035 ## - NÚMERO DE CONTROL DEL SISTEMA
Número de control de sistema 17756352
040 ## - FUENTE DE CATALOGACIÓN
Centro catalogador/agencia de origen DLC
Lengua de catalogación eng
Centro/agencia transcriptor DLC
041 ## - CÓDIGO DE IDIOMA
Código de lengua del texto/banda sonora o título independiente spa
042 ## - CÓDIGO DE AUTENTICACIÓN
Código de autenticación pcc
043 ## - CÓDIGO DE ÁREA GEOGRÁFICA
Código de área geográfica e-uk---
-- n-us---
050 14 - SIGNATURA TOPOGRÁFICA DE LA BIBLIOTECA DEL CONGRESO
Número de clasificación PN 5114
Número de ítem B864o 2013
082 00 - NÚMERO DE LA CLASIFICACIÓN DECIMAL DEWEY
Número de clasificación 070.50942
Número de edición 23
100 1# - ENTRADA PRINCIPAL--NOMBRE DE PERSONA
Nombre de persona Brock, George,
Fechas asociadas al nombre 1951-
245 10 - MENCIÓN DEL TÍTULO
Título Out of print :
Resto del título journalism and the business of news in the digital age /
Mención de responsabilidad, etc. George Brock.
264 #1 - PRODUCCIÓN, PUBLICACIÓN, DISTRIBUCIÓN, FABRICACIÓN Y COPYRIGHT
Producción, publicación, distribución, fabricación y copyright London ;
-- Philadelphia :
Nombre del de productor, editor, distribuidor, fabricante Kogan Page Limited,
Fecha de producción, publicación, distribución, fabricación o copyright 2013.
300 ## - DESCRIPCIÓN FÍSICA
Extensión ix, 242 pages :
Otras características físicas illustrations ;
Dimensiones 24 cm
336 ## - TIPO DE CONTENIDO
Término de tipo de contenido text
Fuente rdacontent
337 ## - TIPO DE MEDIO
Nombre/término del tipo de medio unmediated
Fuente rdamedia
338 ## - TIPO DE SOPORTE
Nombre/término del tipo de soporte volume
Fuente rdacarrier
520 ## - RESUMEN, ETC.
Sumario, etc. " Traditional newspapers are under threat. The emergence of citizen journalism, collaborative news websites and freebie news-sheets -- coupled with a catastrophic drop in ad revenue -- has pushed many to the brink. Papers around the world are cutting copy, editions and staff, moving online or closing down. Out of Print explores how the collision of technology, economics and social forces has thrown news, newspapers and journalism into crisis. Covers key issues such as: the increased competition from expansive radio and 24 hour television news channels; the emergence of free "Metro" papers; the delivery of news services on billboards, podcasts and mobile; the development of online editions, as well as the burgeoning of blogs, citizen journalists and User Generated Content. Incisive and authoritative, Out of Print analyzes the role and influence of newspapers in the digital age and asks whether they can survive and, if so, how"--
Fuente proveedora Provided by publisher.
650 #0 - PUNTO DE ACCESO ADICIONAL DE MATERIA--TÉRMINO DE MATERIA
Término de materia o nombre geográfico como elemento de entrada Newspaper publishing
Subdivisión geográfica Great Britain
Subdivisión general Finance.
650 #0 - PUNTO DE ACCESO ADICIONAL DE MATERIA--TÉRMINO DE MATERIA
Término de materia o nombre geográfico como elemento de entrada Newspaper publishing
Subdivisión geográfica United States
Subdivisión general Finance.
650 #0 - PUNTO DE ACCESO ADICIONAL DE MATERIA--TÉRMINO DE MATERIA
Término de materia o nombre geográfico como elemento de entrada Newspaper publishing
Subdivisión general Economic aspects
Subdivisión geográfica Great Britain.
650 #0 - PUNTO DE ACCESO ADICIONAL DE MATERIA--TÉRMINO DE MATERIA
Término de materia o nombre geográfico como elemento de entrada Newspaper publishing
Subdivisión general Economic aspects
Subdivisión geográfica United States.
650 #0 - PUNTO DE ACCESO ADICIONAL DE MATERIA--TÉRMINO DE MATERIA
Término de materia o nombre geográfico como elemento de entrada Online journalism
Subdivisión general Economic aspects
Subdivisión geográfica Great Britain.
650 #0 - PUNTO DE ACCESO ADICIONAL DE MATERIA--TÉRMINO DE MATERIA
Término de materia o nombre geográfico como elemento de entrada Online journalism
Subdivisión general Economic aspects
Subdivisión geográfica United States.
650 #0 - PUNTO DE ACCESO ADICIONAL DE MATERIA--TÉRMINO DE MATERIA
Término de materia o nombre geográfico como elemento de entrada Press
Subdivisión general Economic aspects
Subdivisión geográfica Great Britain.
650 #0 - PUNTO DE ACCESO ADICIONAL DE MATERIA--TÉRMINO DE MATERIA
Término de materia o nombre geográfico como elemento de entrada Press
Subdivisión general Economic aspects
Subdivisión geográfica United States.
650 #0 - PUNTO DE ACCESO ADICIONAL DE MATERIA--TÉRMINO DE MATERIA
Término de materia o nombre geográfico como elemento de entrada Digital media
Subdivisión general Economic aspects
Subdivisión geográfica Great Britain.
650 #0 - PUNTO DE ACCESO ADICIONAL DE MATERIA--TÉRMINO DE MATERIA
Término de materia o nombre geográfico como elemento de entrada Digital media
Subdivisión general Economic aspects
Subdivisión geográfica United States.
650 #4 - PUNTO DE ACCESO ADICIONAL DE MATERIA--TÉRMINO DE MATERIA
Término de materia o nombre geográfico como elemento de entrada Periodismo
9 (RLIN) 2359
Subdivisión general Aspectos económicos
650 #4 - PUNTO DE ACCESO ADICIONAL DE MATERIA--TÉRMINO DE MATERIA
Término de materia o nombre geográfico como elemento de entrada Prensa
9 (RLIN) 4847
Subdivisión general Aspectos económicos
650 #4 - PUNTO DE ACCESO ADICIONAL DE MATERIA--TÉRMINO DE MATERIA
Término de materia o nombre geográfico como elemento de entrada Medios digitales
9 (RLIN) 1642
942 ## - ELEMENTOS DE ENTRADA SECUNDARIOS (KOHA)
Fuente del sistema de clasificación o colocación Clasificación de Library of Congress
Tipo de ítem Koha Libro
Holdings
Estatus retirado Estado de pérdida Estado de daño No para préstamo Colección Biblioteca de origen Biblioteca actual Ubicación en estantería Fecha de adquisición Signatura topográfica completa Código de barras Visto por última vez Copia número Tipo de ítem Koha
        Humanidades Biblioteca Juan Bosch Biblioteca Juan Bosch Humanidades (4to. Piso) 10/04/2023 PN 5114 B864o 2013 00000116679 25/10/2018 1 Libro